• 首页
  • 本馆介绍
  • 公告通知
  • 最新文献
  • 馆藏检索
  • 电子资源
  • 读者导购
  • 参考咨询
  • 我的图书馆
  • 登录
  • 详细信息显示
  • 放入我的书架
  • 预约/预借图书
  • 作者相关作品
  • 分类相关作品
  • 丛书相关作品
  • 出版社相关作品

书目信息

  • 表格格式
  • 工作单格式
  • 卡片格式
题名:
投资公开课
    
 
作者: 韩布伟 著
分册:  
出版信息: 南京   江苏凤凰文艺出版社  2020.7
页数: 246页
开本: 23cm
丛书名:
单 册:
中图分类: F830.59-49
科图分类:
主题词: 投资--tou zi--通俗读物
电子资源:
ISBN: 978-7-5594-4886-6
000 01404nam0 2200253 450
001 2156270817
005 20211011172911.0
010    @a978-7-5594-4886-6@dCNY48.00
100    @a20200628d2020 em y0chiy0120 ea
101 0  @achi
102    @aCN@b320000
105    @aa z 000yy
106    @ar
200 1  @a投资公开课@Atou zi gong kai ke@dInvestment open courses@f韩布伟著@zeng
210    @a南京@c江苏凤凰文艺出版社@d2020.7
215    @a246页@c图@d23cm
314    @a韩布伟,北京华文智赢科技公司CEO,经常走访500强企业,同时担任多家企业的战略顾问。长期专注于金融、理财、投资及互联网大趋势的研究,擅长财经领域的创作,已出版如《工业4.0与中国制造2025》、《泛娱乐战略》等方面的财经图书。此外,与中关村创业大街一些创投平台运营负责人开展多次活动,深谙开公司过程中的注册、路演、融资、股权搭建等内容。一直以实践应用、启发思维为切入点,为读者带去实用性的操作手法。
330    @a本书收录了巴菲特、索罗斯、江恩、芒格等多位投资理财大师的投资经验。从储蓄、基金、保险、股票、外汇、期货、信托、黄金、房地产、典当、收藏、创业等不同层面阐述理财的具体内容,提供关于投资理财的很多切实可行的方法。章节后附有大师小传,及实行投资理财的技巧总结,在学习大师思维、学会分析市场的同时,让每一笔资产发挥出最大的效用。
510 1  @aInvestment open courses@zeng
606 0  @a投资@Atou zi@j通俗读物
690    @aF830.59-49@v5
701  0 @a韩布伟@Ahan bu wei@4著
801  0 @aCN@b百万庄@c20211006
905    @b1305386-89@dF830.59-49@e504@f4
    
    投资公开课=Investment open courses/韩布伟著.-南京:江苏凤凰文艺出版社,2020.7
    246页:图;23cm
    
    
    ISBN 978-7-5594-4886-6:CNY48.00
    本书收录了巴菲特、索罗斯、江恩、芒格等多位投资理财大师的投资经验。从储蓄、基金、保险、股票、外汇、期货、信托、黄金、房地产、典当、收藏、创业等不同层面阐述理财的具体内容,提供关于投资理财的很多切实可行的方法。章节后附有大师小传,及实行投资理财的技巧总结,在学习大师思维、学会分析市场的同时,让每一笔资产发挥出最大的效用。
●
相关链接 在E读中查询图书 在五车中查询图书 在当当中查询图书 在豆瓣中查询图书


正题名:投资公开课     索取号:F830.59-49/504         预约/预借

序号 登录号 条形码 馆藏地/架位号 状态 备注
1 1305386   213053862   第一样本阅览室/ [索取号:F830.59-49/504] 在馆    
2 1305387   213053871   第一借阅区/ [索取号:F830.59-49/504] 在馆    
3 1305388   213053880   第一借阅区/ [索取号:F830.59-49/504] 在馆    
4 1305389   213053899   第一借阅区/ [索取号:F830.59-49/504] 在馆    
唐山师范学院图书馆 欢迎您!
大连网信软件有限公司© 版权所有